| 000 | 01067nam a2200217 a 4500 | ||
|---|---|---|---|
| 001 | 000039375 | ||
| 005 | 20201002031623.0 | ||
| 008 | 130625s1989 sp 000 0 spa d | ||
| 020 | _a8400069641 | ||
| 040 |
_aDO-SdBNP _bspa _cBNPHU |
||
| 100 | 1 |
_aTrebolle Barrera, Julio _d1943- _965578 |
|
| 245 | 1 | 0 |
_aCentena in libros samuelis et regum : _bvariantes textuales y composición literaria en los Libros de Samuel y Reyes / _cJulio Trebolle Barrera. |
| 260 |
_aMadrid : _bConsejo Superior de Investigaciones Científicas, Departamento de Filología Bíblica y de Oriente, _c1989. |
||
| 300 |
_a235 p. ; _c25 cm. |
||
| 490 | 1 |
_aTextos y estudio Cardenal Cisneros de la biblia Pulígota matritense _v47 |
|
| 500 | _aIncluye índice | ||
| 504 | _aBibliografía : p. 219-232 | ||
| 504 | _aIncluye referencias bibliográficas y notas al pie de las páginas | ||
| 710 | 2 |
_aConsejo Superior de Investigaciones Científicas, Departamento de Filología Bíblica y de Oriente _965579 |
|
| 830 | 0 |
_aTextos y estudio Cardenal Cisneros de la biblia Pulígota matritense _v47 _965580 |
|
| 999 |
_c38865 _d38865 |
||